Implementácia kvantitatívnych metód v podmienkach hospodárskej súťaže
Uložené v:
| Hlavný autor: | |
|---|---|
| Médium: | Kapitola |
| Jazyk: | Slovak |
| Predmet: | |
| Tagy: |
Žiadne tagy, Buďte prvý, kto otaguje tento záznam!
|
MARC
| LEADER | 00000nla a2200000 4500 | ||
|---|---|---|---|
| 001 | 0209590 | ||
| 005 | 20240502073501.7 | ||
| 041 | 0 | |a slo | |
| 044 | |a SK | ||
| 245 | 1 | 0 | |a Implementácia kvantitatívnych metód v podmienkach hospodárskej súťaže |c Roman Lacko |
| 500 | |a Abstrakt | ||
| 610 | 2 | 0 | |a metódy kvantitatívne |
| 610 | 2 | 0 | |a ukazovatele ekonomické |
| 610 | 2 | 0 | |a proces výrobný |
| 100 | 1 | |a Lacko, Roman, 1988- | |